000 00450nam a2200169Ia 4500
008 230524s9999 xx 000 0 und d
020 _a9789382332947
082 _a624.1821
_bBHA
100 _aS.S.Bhavikatti
245 0 _aDesign of Steel Structures: By Limit State Method as Per IS: 800-2007
250 _a4
260 _aNew Delhi
_bIK Pub.
_c2014
300 _a"xii,405p;"
500 _aQuantity Number: 42
650 _aCivil
942 _cBK
999 _c55513
_d55513